000 00410nam a2200169 a 4500
001 0000-8579
003 ELIB.Books
008 110520 1998
035 _a(ELIB.Books)0000-8725
082 _aB
_bBun
100 _aBunn, Davis
245 _aThe Warning
260 _bNashville: Thomas Nelson Publishers
_c1998
650 _aBiography
942 _2ddc
_cBK
998 _cbat
_e2011-05-20
999 _c8579
_d8579